STN EN ISO 9612: 2010 (01 1623) Akustika. Stanovenie expozície hluku v pracovnom prostredí. Technická metóda. (ISO 9612: 2009) tabuľkový procesor "STN EN ISO 9612 výpočet" pre spracovanie dát pomocou programu MS Excel

Táto norma je slovenskou verziou európskej normy EN ISO 9612: 2009. Preklad zabezpečil Slovenský ústav technickej normalizácie. Má rovnaké postavenie ako majú oficiálne verzie

Bibliographic Details
Other Authors: Mihalčík, Ladislav (Translator)
Format: Software eBook
Language:Slovak
English
PhysicalDescription:1 elektronický optický disk (CD-ROM) čb. , obr. , tb. 12 cm
Dokument sa nachádza aj v tlačenej forme pod signatúrou svkbbSTN EN ISO 9612 pod prírastkovým číslom 75149
Published: Bratislava Slovenský ústav technickej normalizácie 2010
Subjects:

MARC

LEADER 00000nam a2200000 a 4500
001 vtls010087372
003 SK-MaSNL
005 20260301225312.0
007 co bg anuua
008 160627s2010 xo ka fsu 000 0 slo
015 |a SNBS2011/02-01345 
020 |c (cen. skup. 14) (elektronická kniha) 
040 |a SNK  |b slo  |c SNK  |e AACR2 
041 1 |a slo  |h eng 
044 |a xo  |c SK 
046 |a s  |m 201004 (účin.) 
072 7 |a 534  |x Mechanické kmity. Akustika  |2 konspekt 
080 |a 534.1  |2 2001 
080 |a 331.4  |2 2001 
080 |a 006.7/.8  |2 2001 
080 |a (437.6)  |2 2001 
080 |a (4)  |2 2001 
080 |a (083)  |2 2001 
080 |a (0.034.44)  |2 2001 
084 |a 13.140  |2 ICS 
130 0 |a STN 01 1623 (STN EN ISO 9612)  |9 618692 
245 1 0 |a STN EN ISO 9612: 2010 (01 1623) Akustika. Stanovenie expozície hluku v pracovnom prostredí. Technická metóda. (ISO 9612: 2009)  |h elektronický zdroj  |b tabuľkový procesor "STN EN ISO 9612 výpočet" pre spracovanie dát pomocou programu MS Excel  |c spracovateľ Ladislav Mihalčík 
246 1 0 |a Akustika 
246 1 0 |a Stanovenie expozície hluku v pracovnom prostredí 
246 1 0 |a Technická metóda. (ISO 9612: 2009) 
246 3 0 |a EN ISO 9612: 2009 E 
246 3 0 |a ISO 9612: 2009 
260 |a Bratislava  |b Slovenský ústav technickej normalizácie  |c 2010 
300 |a 1 elektronický optický disk (CD-ROM)  |b čb. , obr. , tb.  |c 12 cm 
500 |a Súbežný názov v angličtine, francúzštine, nemčine 
500 |a Táto norma nahrádza anglickú verziu STN EN ISO 9612 z októbra 2009, ktorá od 1.10.2009 nahradila STN ISO 9612 z decembra 2001 v celom rozahu 
500 |a Názov z disku 
504 |a Citované normy, súvisiace právne predpisy s. 2 ; literatúra s. 46 
516 |a Textové informácie (technické normy), 1 súbor vo formáte xls 
520 8 |a Táto norma je slovenskou verziou európskej normy EN ISO 9612: 2009. Preklad zabezpečil Slovenský ústav technickej normalizácie. Má rovnaké postavenie ako majú oficiálne verzie 
530 |a Dokument sa nachádza aj v tlačenej forme pod signatúrou svkbbSTN EN ISO 9612 pod prírastkovým číslom 75149 
538 |a Technické požiadavky: MS Windows 95/98/2000/XP, Microsoft Excel 
540 |a STN vydané na akomkoľvek nosiči sa môžu rozmnožovať a rozširovať iba so súhlasom určenej právnickej osoby  |b SÚTN Bratislava  |c zákon 264/1999 Z.z. 
650 0 7 |a akustika  |2 SVKBBPH  |9 705 
650 0 7 |a meranie hluku  |2 SVKBBPH  |9 27118 
650 0 7 |a pracovné prostredie  |2 SVKBBPH  |9 1299 
650 0 7 |a technické normy a štandardy  |z Slovensko  |2 SVKBBPH  |9 79594 
650 0 7 |a technické normy a štandardy  |z krajiny Európskej únie  |2 SVKBBPH  |9 289341 
655 7 |a normy  |2 SVKBBPH  |9 70643 
655 7 |a elektronické dokumenty  |2 SVKBBPH  |9 70518 
700 1 |a Mihalčík, Ladislav  |4 trl  |9 410170 
710 2 |a Slovenský ústav technickej normalizácie (Bratislava, Slovensko)  |b TK 21 Akustika a mechanické kmitanie  |4 stn  |9 410171 
776 1 |a Názov originálu Akustika. Stanovenie expozície hluku v pracovnom prostredí. Technická metóda. (ISO 9612: 2009)  |w 010085505 
852 |a Štátna vedecká knižnica v Banskej Bystrici 
958 |a OP 
958 |a NB 
999 |c 950405  |d 952335 
952 |a SNK  |b SNK  |y PREZ  |7 0  |p 17A0676922  |o snkSTN EN ISO 9612  |i snk2010/23694  |8 0  |0 0  |1 0  |4 0  |d 2010-10-27  |l 0  |r 2026-02-24 09:46:37  |w 2026-02-24 
952 |t snkSTN EN ISO 9612  |a SNK  |b SNK  |y PREZ  |7 0  |p 17A0676921  |o snkSTN EN ISO 9612 D1  |i snk2010/23695  |8 0  |0 0  |1 0  |4 0  |d 2010-10-27  |l 0  |r 2026-02-24 09:46:37  |w 2026-02-24